Кавказ в системе культурных связей Евразии в древности и средневековье (Запись № 11664894)

Подробности
000 -МАРКЕР
контрольное поле 02549nam0a2200361 4500
001 - ИДЕНТИФИКАТОР ЗАПИСИ
контрольное поле RU\NLR\BIBL_A\011758506
005 - ИДЕНТИФИКАТОР ВЕРСИИ
контрольное поле 20180927114617.0
010 ## - МЕЖДУНАРОДНЫЙ СТАНДАРТНЫЙ НОМЕР КНИГИ (ISBN)
Номер (ISBN) 978-5-8307-0528-8
Тираж 300
021 ## - НОМЕР ГОСУДАРСТВЕННОЙ РЕГИСТРАЦИИ
Код страны Российская Федерация
Номер КН-П-18-045906
Номер Листа государственной регистраци КН-П-18-3308
035 ## - ДРУГИЕ СИСТЕМНЫЕ НОМЕРА
Идентификатор записи (NLR Aleph) 011758506
035 ## - ДРУГИЕ СИСТЕМНЫЕ НОМЕРА
Идентификатор записи (RuMoRGB)009669070
100 ## - ДАННЫЕ ОБЩЕЙ ОБРАБОТКИ
Данные общей обработки 20180725d2018 k y0rusy50 ca
101 0# - ЯЗЫК РЕСУРСА
Язык текста, звукозаписи и т.д. русский
Язык резюме английский
102 ## - СТРАНА ПУБЛИКАЦИИ ИЛИ ПРОИЗВОДСТВА
Страна публикации Российская Федерация
105 ## - ПОЛЕ КОДИРОВАННЫХ ДАННЫХ: ТЕКСТОВЫЕ МАТЕРИАЛЫ, МОНОГРАФИЧЕСКИЕ
Кодированные данные о монографическом текстовом документе ab||z|||110zy
200 1# - ЗАГЛАВИЕ И СВЕДЕНИЯ ОБ ОТВЕТСТВЕННОСТИ
Основное заглавие Кавказ в системе культурных связей Евразии в древности и средневековье
Сведения, относящиеся к заглавию ХХХ "Крупновские чтения" [по археологии Северного Кавказа]
-- материалы Международной научной конференции, Карачаевск, 22-29 апреля 2018 г.
Первые сведения об ответственности Карачаево-Черкесский государственный университет имени У. Д. Алиева, Институт археологии Российской академии наук, Российское историческое общество
Последующие сведения об ответственности [редакционная коллегия: Р. М. Мунчаев и др.]
210 ## - ПУБЛИКАЦИЯ, РАСПРОСТРАНЕНИЕ И ДР.
Место издания, распространения и т.д. Карачаевск
Имя издателя, распространителя и т. д. Изд-во Карачаево-Черкесского государственного университета имени У.Д. Алиева
Дата издания, распространения и т.д. 2018
215 ## - ФИЗИЧЕСКАЯ ХАРАКТЕРИСТИКА
Специфическое обозначение материала и объем 519 с.
Другие сведения о физической характеристике ил., табл.
Размеры 29
300 ## - ОБЩИЕ ПРИМЕЧАНИЯ
Текст примечания Рез. англ.
300 ## - ОБЩИЕ ПРИМЕЧАНИЯ
Текст примечания На тит. л.: К 100-летию Рос. акад. археологии
320 ## - ПРИМЕЧАНИЯ О НАЛИЧИИ В ДОКУМЕНТЕ БИБЛИОГРАФИИ / УКАЗАТЕЛЯ
Текст примечания Библиогр. в конце ст.
607 ## - ГЕОГРАФИЧЕСКОЕ НАИМЕНОВАНИЕ КАК ПРЕДМЕТ
Географическое наименование Кавказ Северный
Тематический подзаголовок Археологические исследования
Формальный подзаголовок Съезды, совещания и т.п
Код системы nlr_sh1
-- nlr_sh2
Идентификатор авторитетной/нормативной записи RU\NLR\AUTH\661310209
686 1# - ИНДЕКСЫ ДРУГИХ КЛАССИФИКАЦИЙ
Индекс Т4(2Р37)я431
702 #1 - ИМЯ ЛИЦА - ВТОРИЧНАЯ ОТВЕТСТВЕННОСТЬ
Начальный элемент ввода Мунчаев
Часть имени, кроме начального элемента ввода Р.М.
Даты 1928-
Расширение инициалов личного имени Рауф Магомедович
Идентификатор авторитетной/нормативной записи RU\NLR\AUTH\7718114
Код отношения Редактор
711 12 - НАИМЕНОВАНИЕ ОРГАНИЗАЦИИ - АЛЬТЕРНАТИВНАЯ ОТВЕТСТВЕННОСТЬ
Начальный элемент ввода Крупновские чтения
Порядковый номер временной организации и / или порядковый номер ее части 30
Дата проведения временной организации 2018
Место проведения временной организации Карачаевск
Идентификатор авторитетной/нормативной записи RU\NLR\AUTH\880478474
712 02 - НАИМЕНОВАНИЕ ОРГАНИЗАЦИИ - ВТОРИЧНАЯ ОТВЕТСТВЕННОСТЬ
Начальный элемент ввода Карачаево-Черкесский государственный университет им. У. Д. Алиева
Идентифицирующий признак Карачаевск
Идентификатор авторитетной/нормативной записи RU\NLR\AUTH\8810047154
Код отношения Издающая организация
942 ## - ДОПОЛНИТЕЛЬНЫЕ ЭЛЕМЕНТЫ ЗАПИСИ (АБИС)
Тип экземпляра АБИС Книга
980 ## - КОЛЛЕКЦИЯ
Название коллекции НБР
980 ## - КОЛЛЕКЦИЯ
Название коллекции Национальная библиография

Нет доступных экземпляров.